LEADER 00999nam 2200289Ia 450 001 996384278503316 005 20221108005043.0 035 $a(CKB)1000000000593015 035 $a(EEBO)2240881273 035 $a(OCoLC)43663236 035 $a(EXLCZ)991000000000593015 100 $a20000319d1670 uy 0 101 0 $aeng 135 $aurbn||||a|bb| 200 12$aA poetical meditation$b[electronic resource] $ewherein the usefulness, excellency, and several perfections of Holy Scripture are briefly hinted 210 $aLondon, $cPrinted for N. Ranew, and J. Robinson, at the Angel in Jewn-Street$d1670 215 $a8 p 300 $aSigned on p. 8: John Clark. 300 $aReproduction of original in: Llyfrgell Genedlaethol Cymru/National Library of Wales, Aberystwyth, Wales. 330 $aeebo-0098 700 $aClark$b John$0103722 801 0$bEAE 801 1$bEAE 906 $aBOOK 912 $a996384278503316 996 $aA poetical meditation$92404351 997 $aUNISA